| 000 | 01139nam a2200313 a 4500 | ||
|---|---|---|---|
| 001 | 000023094 | ||
| 005 | 20240417183156.0 | ||
| 008 | 101126s1997 mx a 001 0 spa d | ||
| 020 | _a9688808741 | ||
| 040 |
_aDO-SdBNP _bspa _cBNPHU |
||
| 041 | 1 | 7 |
_aspa _heng _2Código de idiomas MARC |
| 082 |
_a338.5 _bC337p, 1997 |
||
| 100 | 1 |
_aCase, Karl E. _947545 |
|
| 245 | 1 | 0 |
_aPrincipios de microeconomía / _cKarl E. Case, Ray C. Fair ; traducción de Ángel Carlos González Ruiz ; revisión técnica de Julián Barquín Liaño. |
| 250 | _a4a ed. | ||
| 260 |
_aMéxico : _bPearson Educación, _c1997. |
||
| 300 |
_a620, i-14 p. : _bil. ; _c27 cm. |
||
| 500 | _aIncluye índice. | ||
| 500 | _aIncluye un diccionario consiso de terminología económica. | ||
| 534 |
_aTraducido del inglés de la obra : _tPrinciples of microeconomics |
||
| 650 | 0 |
_aMicroeconomía _922953 |
|
| 650 | 4 |
_aEconomía gerencial _98305 |
|
| 650 | 4 |
_aTeoría económica _930923 |
|
| 700 | 1 |
_aFair, Ray C. _947546 |
|
| 700 | 1 |
_aGonzález Ruiz, Ángel Carlos, _etr. _98969 |
|
| 700 | 1 |
_aBarquín Liaño, Julián, _erev. _947547 |
|
| 910 | _aWM | ||
| 049 | _aBNGR | ||
| 999 |
_c22591 _d22591 |
||